000 00818cam a2200193 4500
001 ABS63761
008 000000n2001 000 0 eng u
035 _a(Sirsi) u111886
100 _aSeidl, A.
245 _aGetting your just desserts?
260 _c2001
490 _aEstates Gazette
_v(0113) 31 March 2001, 65-69(5)
520 _aProvides details of the 2001 EG/PSD Salary and Benefits Survey. Findings are based on a sample of 1001 questionnaire responses. Graphs and tables. A full report of the survey will be available from April 2001 (Telephone Estates Gazette on: 0207 411 2636, or PSD on: 0207 970 9700).
590 _aABS
650 _aSALARY SURVEYS
650 _aESTATES GAZETTE/PSD SALARY AND BENEFITS SURVEY
690 _aMANAGEMENT-BUSINESS MANAGEMENT-PROFESSIONAL PRACTICE
942 _n0
999 _c66681
_d66681